00506nam a2200193 a 4500001001300000003000900013005001700022008004100039020001000080082001600090100003400106245003000140260003400170300000800204500003500212505001000247650002100257700003400278nice12345678IN_TiNIC20260116011917.0050524s1936 pooa grp 000 0 urd  ac10000a491.48bABD aAbdul Ghafoor, Shaikh Mahmood aHuruf Shanasi, Urdu-Hindi aPoonabBalodhiyan Pressc1936 a36p aincludes index and biblioraphy2 aIndex aUrdu-Coursr Book1 aAbdul Ghafoor, Shaikh Mahmood